Tales of power /
সংরক্ষণ করুন:
| প্রধান লেখক: | |
|---|---|
| বিন্যাস: | অজ্ঞাত |
| ভাষা: | English |
| প্রকাশিত: |
New York :
Simon and Schuster,
[1974].
|
| বিষয়গুলি: | |
| ট্যাগগুলো: |
ট্যাগ যুক্ত করুন
কোনো ট্যাগ নেই, প্রথমজন হিসাবে ট্যাগ করুন!
|
MARC
| LEADER | 000000000a22000000004500 | ||
|---|---|---|---|
| 001 | 015221 | ||
| 020 | |a 0671218581 | ||
| 041 | 0 | |a eng | |
| 082 | 0 | 4 | |a 299.7 |b C346t |
| 100 | 1 | |a Castaneda, Carlos, |d 1931-1998 | |
| 245 | 1 | 0 | |a Tales of power / |c Carlos Castaneda. |
| 260 | 1 | |a New York : |b Simon and Schuster, |c [1974]. | |
| 300 | |a 287 páginas ; |c 22 cm. | ||
| 650 | 4 | |a DON JUAN, 1891 | |
| 650 | 4 | |a INDIOS YAQUI | |
| 650 | 4 | |a RELIGIONES | |
| 650 | 4 | |a ALUCINOGENOS | |
| 650 | 4 | |a DROGAS | |
| 650 | 4 | |a EXPERIENCIA RELIGIOSA | |
| 500 | |a Colección George Yúdice | ||
| 999 | |c 21079 |d 21079 | ||
| 942 | |c BK |h 299.7 C346t |2 z | ||



